Sobre literatura / (Record no. 37378)

MARC details
000 -LEADER
campo de control de longitud fija 00979nam a2200265 i 4500
001 - NÚMERO DE CONTROL
campo de control 37378
003 - IDENTIFICADOR DE NÚMERO DE CONTROL
campo de control ES-MaACL
005 - FECHA Y HORA DE LA ÚLTIMA TRANSACCIÓN
campo de control 20250809195000.0
007 - CAMPO FIJO DE DESCRIPCIÓN FÍSICA--INFORMACIÓN GENERAL
campo de control de longitud fija t|
008 - DATOS DE LONGITUD FIJA--INFORMACIÓN GENERAL
campo de control de longitud fija 030220s1967 sp ||||1| spa d
100 1# - ENTRADA PRINCIPAL--NOMBRE DE PERSONA
Nombre de persona Butor, Michel.
9 (RLIN) 32954
245 10 - MENCIÓN DEL TÍTULO
Título Sobre literatura /
Mención de responsabilidad, etc. Michel Butor.
250 ## - MENCION DE EDICION
Mención de edición 1ª ed.
260 ## - PUBLICACIÓN, DISTRIBUCIÓN, ETC.
Lugar de publicación, distribución, etc. Barcelona :
Nombre del editor, distribuidor, etc. Seix Barral,
Fecha de publicación, distribución, etc. 1967.
300 ## - DESCRIPCIÓN FÍSICA
Extensión 2 v. ;
Dimensiones 18 cm.
490 1# - MENCIÓN DE SERIE
Mención de serie Biblioteca breve.
-- Ensayo ;
Designación de volumen o secuencia 154, 254
505 8# - NOTA DE CONTENIDO CON FORMATO
Nota de contenido con formato Contiene: 1. Estudios y conferencias, 1948-1959 / traducción de Juan Petit (397 p.) - 2. Estudios y conferencias, 1959-1963 / traducción de Carlos Pujol (390 p.)
650 #4 - PUNTO DE ACCESO ADICIONAL DE MATERIA--TÉRMINO DE MATERIA
Término de materia o nombre geográfico como elemento de entrada Literatura-
Subdivisión cronológica S.XIX-
Subdivisión general Historia y crítica.
9 (RLIN) 142386
650 #4 - PUNTO DE ACCESO ADICIONAL DE MATERIA--TÉRMINO DE MATERIA
Término de materia o nombre geográfico como elemento de entrada Literatura-
Subdivisión cronológica S.XX-
Subdivisión general Historia y crítica.
9 (RLIN) 139829
700 1# - ENTRADA AGREGADA--NOMBRE PERSONAL
Nombre de persona Petil, Juan.
9 (RLIN) 91493
700 1# - ENTRADA AGREGADA--NOMBRE PERSONAL
Nombre de persona Pujol, Carlos,
Fechas asociadas al nombre 1936-2012
9 (RLIN) 94332
830 1# - PUNTO DE ACCESO ADICIONAL DE SERIE-TÍTULO UNIFORME
Título uniforme Biblioteca breve.
-- Ensayo
Designación de volumen o secuencia 154, 254
9 (RLIN) 181348
852 4# - LOCALIZACIÓN
Ubicación ES-MaACL
Número de control de estantería C-32864-45
Holdings
Estatus retirado Estado de pérdida Estado de daño No para préstamo Biblioteca de origen Biblioteca actual Ubicación en estantería Fecha de adquisición Fuente de adquisición Total de préstamos Signatura topográfica completa Código de barras Visto por última vez Precio de reemplazo Tipo de ítem Koha
        Biblioteca del Ateneo de Madrid Biblioteca del Ateneo de Madrid Depósito 2 17/01/2008     C-32864-65 1039337 23/02/2023 23/02/2023 Libro impreso